| 000 | 00777nam a2200205Ia 4500 | ||
|---|---|---|---|
| 008 | 130821s1992 ck gr spa | ||
| 040 |
_aCo-BoUCM _bspa |
||
| 041 | 0 | 0 | _aspa |
| 100 | 1 |
_aBarba Jacob, Porfirio _d1883-1942 _949029 |
|
| 245 | 1 | 0 |
_aCartas _cPorfirio Barba-Jacob ; recopilación y notas Fernando Vallejo |
| 246 | _aCartas de Barba-Jacob | ||
| 260 |
_aBogotá (Colombia) _bRevista Literaria Gradiva _c1992 |
||
| 300 | _a258 páginas | ||
| 600 |
_aBarba Jacob, Porfirio _d1883-1942 _vCorrespondencia, memorias, etc. _9168831 |
||
| 650 |
_aCartas colombianas _910536 |
||
| 650 |
_aLiteratura colombiana _918629 |
||
| 700 | 1 |
_aVallejo Rendón, Fernando _d1942- _ecomp. _951696 |
|
| 942 |
_cLIBRO _a18 _e1 _kC _mB228c _2DEWEY _h866.6 |
||
| 999 |
_c74181 _d74181 |
||